| 000 | 00479nam a2200193 a 4500 | ||
|---|---|---|---|
| 003 | 0 | ||
| 005 | 20170412092249.0 | ||
| 008 | 131113s19uu xx 00 eng d | ||
| 020 | _a9780394873343 | ||
| 050 |
_aTR _bStr894 1985 |
||
| 100 | _aBerenstain, Stan & Jan | ||
| 245 | _aLearn about strangers. | ||
| 260 |
_aUSA : _bRandom House, _cc1985. |
||
| 300 | _a28 | ||
| 440 | _aThe Berenstain Bears | ||
| 650 |
_aGolden rules- _xmanners |
||
| 942 |
_2ddc _cBK |
||
| 999 |
_c115296 _d115296 |
||